ბათუმის შოთა რუსთაველის სახელმწიფო უნივერსიტეტის ბიბლიოთეკა

Контроль в процессах транспорта и хранения нефтепродуктов. (ბიბ.ჩანაწერი № 38384)

000 -LEADER
fixed length control field 00749nam a2200217Ia 4500
001 - CONTROL NUMBER
control field 4394
003 - CONTROL NUMBER IDENTIFIER
control field GE_BSU
008 - FIXED-LENGTH DATA ELEMENTS--GENERAL INFORMATION
fixed length control field 181216s||||||||xx |||||||||||||| ||und||
020 ## - INTERNATIONAL STANDARD BOOK NUMBER
International Standard Book Number 5247013182
040 ## - CATALOGING SOURCE
Transcribing agency GE_BSU
080 ## - UNIVERSAL DECIMAL CLASSIFICATION NUMBER
Universal Decimal Classification number 658.562.3:622.629
100 ## - MAIN ENTRY--PERSONAL NAME
Personal name Абдуллаев,А.А. Бланк,В.В. Юфин,В.А.
245 ## - TITLE STATEMENT
Title Контроль в процессах транспорта и хранения нефтепродуктов.
245 ## - TITLE STATEMENT
Statement of responsibility, etc. зав. ред. Н.И.Игнатьева.
260 ## - PUBLICATION, DISTRIBUTION, ETC.
Place of publication, distribution, etc. Москва.
260 ## - PUBLICATION, DISTRIBUTION, ETC.
Name of publisher, distributor, etc. Недра.
260 ## - PUBLICATION, DISTRIBUTION, ETC.
Date of publication, distribution, etc. 1990.
300 ## - PHYSICAL DESCRIPTION
Extent 263с;21см;ил.
653 ## - INDEX TERM--UNCONTROLLED
Uncontrolled term Контроль в процессах транспорта и хранения нефтепродуктов.
942 ## - ADDED ENTRY ELEMENTS (KOHA)
Koha item type წიგნი
ეგზემპლარები
Withdrawn status Lost status Damaged status Not for loan Date acquired Barcode Date last seen Price effective from Koha item type Public note
        2018-12-17 9553 2018-12-17 2018-12-17 წიგნი საცავი